<?xml version="1.0" encoding="UTF-8"?>
<record
    xmlns:xsi="http://www.w3.org/2001/XMLSchema-instance"
    xsi:schemaLocation="http://www.loc.gov/MARC21/slim http://www.loc.gov/standards/marcxml/schema/MARC21slim.xsd"
    xmlns="http://www.loc.gov/MARC21/slim">

  <leader>01253nam a22004577a 4500</leader>
  <controlfield tag="005">20241012062706.0</controlfield>
  <controlfield tag="008">220426r19951992mx  |||gr|||| 00| 0 spa d</controlfield>
  <datafield tag="020" ind1=" " ind2=" ">
    <subfield code="a">9681637542</subfield>
  </datafield>
  <datafield tag="040" ind1=" " ind2=" ">
    <subfield code="a">CO-BoESAP</subfield>
    <subfield code="b">spa</subfield>
    <subfield code="c">CO-BoESAP</subfield>
  </datafield>
  <datafield tag="082" ind1="0" ind2="4">
    <subfield code="a">320.01</subfield>
    <subfield code="b">B61t</subfield>
  </datafield>
  <datafield tag="100" ind1="1" ind2=" ">
    <subfield code="9">1075</subfield>
    <subfield code="a">Bobbio, Norberto,</subfield>
    <subfield code="d">1909-2004</subfield>
  </datafield>
  <datafield tag="245" ind1="1" ind2="0">
    <subfield code="a">Thomas Hobbes / </subfield>
    <subfield code="c">Norberto Bobbio ; traducci&#xF3;n de Manuel Escriv&#xE1; de Roman&#xED;</subfield>
  </datafield>
  <datafield tag="250" ind1=" " ind2=" ">
    <subfield code="a">Segunda edici&#xF3;n. </subfield>
  </datafield>
  <datafield tag="260" ind1=" " ind2=" ">
    <subfield code="a">M&#xE9;xico : </subfield>
    <subfield code="b">Fondo de Cultura Econ&#xF3;mica, </subfield>
    <subfield code="c">1992 [reimpresi&#xF3;n 1995]</subfield>
  </datafield>
  <datafield tag="300" ind1=" " ind2=" ">
    <subfield code="a">186 p&#xE1;ginas </subfield>
  </datafield>
  <datafield tag="490" ind1="0" ind2=" ">
    <subfield code="a">(Cl&#xE1;sicos Dykinson. Monograf&#xED;as)</subfield>
  </datafield>
  <datafield tag="534" ind1=" " ind2=" ">
    <subfield code="t">T&#xED;tulo original : Thomas Hobbes.</subfield>
  </datafield>
  <datafield tag="600" ind1="1" ind2="4">
    <subfield code="9">3517</subfield>
    <subfield code="a">Hobbes, Thomas,</subfield>
    <subfield code="d">1588-1679</subfield>
  </datafield>
  <datafield tag="650" ind1="2" ind2="0">
    <subfield code="a">Filosof&#xED;a pol&#xED;tica</subfield>
    <subfield code="x">CR&#xCD;TICA E INTERPRETACI&#xD3;N</subfield>
    <subfield code="9">1583</subfield>
  </datafield>
  <datafield tag="700" ind1="1" ind2=" ">
    <subfield code="9">208219</subfield>
    <subfield code="a">Escriv&#xE1; de Roman&#xED;, Manuel </subfield>
    <subfield code="e">traductor</subfield>
  </datafield>
  <datafield tag="942" ind1=" " ind2=" ">
    <subfield code="2">ddc</subfield>
    <subfield code="c">BKM</subfield>
  </datafield>
  <datafield tag="999" ind1=" " ind2=" ">
    <subfield code="c">164924</subfield>
    <subfield code="d">164924</subfield>
  </datafield>
  <datafield tag="526" ind1=" " ind2=" ">
    <subfield code="a">17598</subfield>
  </datafield>
  <datafield tag="526" ind1=" " ind2=" ">
    <subfield code="a">102617</subfield>
  </datafield>
  <datafield tag="526" ind1=" " ind2=" ">
    <subfield code="a">102618</subfield>
  </datafield>
  <datafield tag="526" ind1=" " ind2=" ">
    <subfield code="a">15794</subfield>
  </datafield>
  <datafield tag="526" ind1=" " ind2=" ">
    <subfield code="a">102620</subfield>
  </datafield>
  <datafield tag="526" ind1=" " ind2=" ">
    <subfield code="a">10406</subfield>
  </datafield>
  <datafield tag="526" ind1=" " ind2=" ">
    <subfield code="a">105630</subfield>
  </datafield>
  <datafield tag="526" ind1=" " ind2=" ">
    <subfield code="a">1698</subfield>
  </datafield>
  <datafield tag="526" ind1=" " ind2=" ">
    <subfield code="a">116204</subfield>
  </datafield>
  <datafield tag="526" ind1=" " ind2=" ">
    <subfield code="a">4969</subfield>
  </datafield>
  <datafield tag="526" ind1=" " ind2=" ">
    <subfield code="a">19790</subfield>
  </datafield>
  <datafield tag="526" ind1=" " ind2=" ">
    <subfield code="a">104436</subfield>
  </datafield>
  <datafield tag="526" ind1=" " ind2=" ">
    <subfield code="a">5144</subfield>
  </datafield>
  <datafield tag="526" ind1=" " ind2=" ">
    <subfield code="a">51868</subfield>
  </datafield>
  <datafield tag="526" ind1=" " ind2=" ">
    <subfield code="a">3899</subfield>
  </datafield>
  <datafield tag="526" ind1=" " ind2=" ">
    <subfield code="a">9683</subfield>
  </datafield>
  <datafield tag="526" ind1=" " ind2=" ">
    <subfield code="a"></subfield>
  </datafield>
  <datafield tag="526" ind1=" " ind2=" ">
    <subfield code="a">1703</subfield>
  </datafield>
  <datafield tag="526" ind1=" " ind2=" ">
    <subfield code="a">1697</subfield>
  </datafield>
  <datafield tag="952" ind1=" " ind2=" ">
    <subfield code="0">0</subfield>
    <subfield code="1">0</subfield>
    <subfield code="2">ddc</subfield>
    <subfield code="4">0</subfield>
    <subfield code="7">2</subfield>
    <subfield code="8">CGEN</subfield>
    <subfield code="a">ESAP</subfield>
    <subfield code="b">ESAP</subfield>
    <subfield code="d">2022-04-27</subfield>
    <subfield code="e">Siglo del Hombre</subfield>
    <subfield code="o">320.01 B61t</subfield>
    <subfield code="p">139173</subfield>
    <subfield code="r">2026-02-22 00:00:00</subfield>
    <subfield code="t">1</subfield>
    <subfield code="w">2022-04-27</subfield>
    <subfield code="y">BKM</subfield>
  </datafield>
</record>
